[Event "Jena Schwarzer Baer op"]
[Site "Jena"]
[Date "2009.02.07"]
[Round "3"]
[White "Bohatschek, Daniel"]
[Black "Guenther, Oliver"]
[Result "1-0"]
[WhiteElo "1941"]
[BlackElo "1978"]
[PlyCount "110"]
[EventDate "2009.02.04"]
[EventType "swiss"]
[EventRounds "7"]
[EventCountry "GER"]
[SourceTitle "EXT 2010"]
[Source "ChessBase"]
[SourceDate "2010.11.25"]
[SourceVersion "1"]
[SourceVersionDate "2010.11.25"]
[SourceQuality "1"]

1. e4 Nf6 2. Nc3 d5 3. exd5 Nxd5 4. Bc4 Nxc3 5. bxc3 e6 6. Nf3 Be7 7. 0-0 Nd7 8. d4 c6 9. Bf4 Qa5 10. Qe1 Nf6 11. Bd3 0-0 12. h3 Nd5 13. Bd2 Qc7 14. c4 Nf4 15. Ne5 Nxd3 16. Nxd3 b6 17. f4 Bf6 18. Ne5 Rd8 19. Qf2 Ba6 20. c3 Bxe5 21. fxe5 Bxc4 22. Rfe1 Qe7 23. Qg3 Kh8 24. Re4 f6 25. Rh4 Qf7 26. Re1 fxe5 27. Rxe5 Rd5 28. Ree4 Rf5 29. Bf4 Bd5 30. Re3 Rf8 31. Bd6 Rf1+ 32. Kh2 Rf2 33. Bxf8 Rxg2+ 34. Qxg2 Bxg2 35. Bxg7+ Qxg7 36. Rg4 Qxg4 37. hxg4 Bd5 38. a3 Kg7 39. Kg3 Kf8 40. Kf4 Ba2 41. g5 Ke7 42. Ke5 Bb1 43. Rf3 Bg6 44. Rf6 Bf7 45. c4 b5 46. cxb5 cxb5 47. Rf3 Be8 48. Rc3 Kd7 49. Rc5 a6 50. Kf6 Bg6 51. Re5 Kd6 52. Rxe6+ Kd5 53. Rxa6 Kxd4 54. Rc6 Be4 55. Rc7 Ke3 1-0

[Event "Friedrichroda op 12th"]
[Site "Friedrichroda"]
[Date "2008.08.09"]
[Round "5"]
[White "Zimmer, Frank2222"]
[Black "Bohatschek, Daniel"]
[Result "1-0"]
[WhiteElo "1796"]
[BlackElo "1955"]
[PlyCount "55"]
[EventDate "2008.08.06"]
[EventType "swiss"]
[EventRounds "7"]
[EventCountry "GER"]
[SourceTitle "CBM 126 Extra"]
[Source "ChessBase"]
[SourceDate "2008.11.05"]
[SourceVersion "1"]
[SourceVersionDate "2008.11.05"]
[SourceQuality "1"]
[WhiteTeam "Attikis Aspropirgos (W)"]
[WhiteTeamCountry "GRE"]

1. e4 c5 2. d4 cxd4 3. c3 dxc3 4. Nxc3 a6 5. Nf3 d6 6. Bc4 e6 7. 0-0 b5 8. Bb3 Ra7 9. Bg5 Ne7 10. Nd4 h6 11. Bh4 Qb6 12. a4 b4 13. a5 Qb7 14. Na4 Qxe4 15. Bg3 Nf5 16. Nxf5 Qxf5 17. Rc1 e5 18. f4 e4 19. Qd4 Rb7 20. Bd5 Re7 21. Nb6 Bd7 22. Qxb4 Re6 23. Nxd7 Nxd7 24. Bxe6 fxe6 25. Rc8+ Ke7 26. Bh4+ g5 27. fxg5 Qg4 28. g6+ 1-0

[Event "Friedrichroda op 12th"]
[Site "Friedrichroda"]
[Date "2008.08.08"]
[Round "4"]
[White "Bohatschek, Daniel"]
[Black "Geisler, Reinhard"]
[Result "1-0"]
[WhiteElo "1955"]
[BlackElo "2042"]
[PlyCount "179"]
[EventDate "2008.08.06"]
[EventType "swiss"]
[EventRounds "7"]
[EventCountry "GER"]
[SourceTitle "CBM 126 Extra"]
[Source "ChessBase"]
[SourceDate "2008.11.05"]
[SourceVersion "1"]
[SourceVersionDate "2008.11.05"]
[SourceQuality "1"]
[BlackTeam "Attikis Aspropirgos (W)"]
[BlackTeamCountry "GRE"]

1. e4 c5 2. Nc3 Nc6 3. f4 g6 4. Nf3 Bg7 5. Bc4 e6 6. d3 Nge7 7. a3 d5 8. Ba2 0-0 9. 0-0 a6 10. Qe1 b5 11. Ne2 dxe4 12. dxe4 Qc7 13. c3 b4 14. axb4 cxb4 15. c4 a5 16. Bb3 e5 17. Kh1 Bg4 18. Qg3 Bxf3 19. Qxf3 f5 20. Ra2 Rad8 21. Bc2 b3 22. Bxb3 Nb4 23. Ra3 Rd3 24. Qf2 fxe4 25. Ng3 a4 26. Bxa4 Rxa3 27. bxa3 Nd3 28. Qc2 Bh6 29. Nxe4 Nxc1 30. Qxc1 Bxf4 31. Qc2 Nf5 32. c5 Qe7 33. Qb3+ Kg7 34. g3 Nd4 35. Qd5 Be3 36. Rxf8 Kxf8 37. Qd6 Bc1 38. c6 Qxd6 39. Nxd6 Ne6 40. Nb5 Ke7 41. c7 Nxc7 42. Nxc7 Bxa3 43. Kg2 e4 44. Bc2 Kf6 45. Bxe4 h5 46. Bf3 Kg5 47. Ne6+ Kf5 48. Nd4+ Kg5 49. h4+ Kf6 50. Kh3 Bc5 51. Ne2 Bf2 52. Nf4 Kf5 53. Bxh5 g5 54. Bg4+ Kf6 55. Nd5+ Ke5 56. Ne7 gxh4 57. Ng6+ Kf6 58. Nxh4 Bxg3 59. Kxg3 Kg5 60. Nf3+ Kg6 61. Kh4 Kh7 62. Kg5 Kg7 63. Be6 Kh7 64. Bf5+ Kh8 65. Bd7 Kh7 66. Bc6 Kh8 67. Kg6 Kg8 68. Ng5 Kh8 69. Nf7+ Kg8 70. Be4 Kf8 71. Kf6 Kg8 72. Bg6 Kf8 73. Bh7 Ke8 74. Ne5 Kf8 75. Ng6+ Ke8 76. Ke6 Kd8 77. Ne5 Ke8 78. Nd7 Kd8 79. Kd6 Ke8 80. Bg6+ Kd8 81. Nc5 Kc8 82. Bf7 Kd8 83. Ne6+ Kc8 84. Kc6 Kb8 85. Kb6 Kc8 86. Be8 Kb8 87. Bd7 Ka8 88. Nc7+ Kb8 89. Na6+ Ka8 90. Bc6# 1-0

[Event "Thueringen-ch"]
[Site "Finsterbergen"]
[Date "2008.03.22"]
[Round "6"]
[White "Bohatschek, Daniel"]
[Black "Kirschbaum, Gunnar"]
[Result "0-1"]
[WhiteElo "1917"]
[BlackElo "2160"]
[PlyCount "118"]
[EventDate "2008.03.19"]
[EventType "swiss"]
[EventRounds "9"]
[EventCountry "GER"]
[SourceTitle "CBM 123 Extra"]
[Source "ChessBase"]
[SourceDate "2008.05.06"]
[SourceVersion "1"]
[SourceVersionDate "2008.05.06"]
[SourceQuality "1"]

1. e4 e5 2. d4 d6 3. Bc4 Nc6 4. Nf3 Bg4 5. c3 Nf6 6. h3 Bxf3 7. gxf3 exd4 8. cxd4 d5 9. exd5 Nxd5 10. 0-0 Be7 11. Nc3 Nxc3 12. bxc3 0-0 13. f4 Kh8 14. f5 Bg5 15. f4 Bf6 16. Be3 Ne7 17. Qc2 Qd7 18. Bd3 Rad8 19. Be4 c6 20. Kh2 Rfe8 21. Rf3 Nd5 22. Bd2 Re7 23. Rg1 Rde8 24. Bd3 Ne3 25. Qb1 Qd5 26. Rfg3 Nc4 27. Bc1 b5 28. Qb4 Nd6 29. Qb3 Re1 30. Qxd5 cxd5 31. Ba3 Nc4 32. Bxc4 bxc4 33. Rxe1 Rxe1 34. Rg2 Be7 35. Rb2 h6 36. Rb8+ Kh7 37. Re8 Bh4 38. Rxe1 Bxe1 39. Bb4 Bd2 40. Kg3 g6 41. Kg4 Kg7 42. fxg6 fxg6 43. Ba5 Kf6 44. Bd8+ Ke6 45. Ba5 Be1 46. h4 Bd2 47. h5 gxh5+ 48. Kxh5 Bxf4 49. Kg6 Bd2 50. Bb4 h5 51. Kxh5 Kf5 52. a4 a6 53. a5 Be1 54. Kh6 Ke4 55. Kg6 Kd3 56. Kf5 Bxc3 57. Bxc3 Kxc3 58. Ke5 Kb4 59. Kxd5 c3 0-1

[Event "Thueringen-ch"]
[Site "Finsterbergen"]
[Date "2008.03.20"]
[Round "3"]
[White "Roessner, Uwe"]
[Black "Bohatschek, Daniel"]
[Result "0-1"]
[WhiteElo "1962"]
[BlackElo "1917"]
[PlyCount "80"]
[EventDate "2008.03.19"]
[EventType "swiss"]
[EventRounds "9"]
[EventCountry "GER"]
[SourceTitle "CBM 123 Extra"]
[Source "ChessBase"]
[SourceDate "2008.05.06"]
[SourceVersion "1"]
[SourceVersionDate "2008.05.06"]
[SourceQuality "1"]

1. g3 Nf6 2. Bg2 g6 3. c4 Bg7 4. Nf3 c5 5. 0-0 0-0 6. d3 Na6 7. Nc3 d6 8. Rb1 Rb8 9. a3 Nc7 10. b4 Nd7 11. Qc2 b6 12. b5 e5 13. Ng5 Bb7 14. Nge4 f5 15. Bg5 Nf6 16. Nxf6+ Bxf6 17. Bxf6 Qxf6 18. a4 Bxg2 19. Kxg2 Ne6 20. Nd5 Qg5 21. Qc1 f4 22. a5 bxa5 23. Ra1 Nd4 24. Qb2 Nxe2 25. Rxa5 f3+ 26. Kh1 Rb7 27. Rfa1 Rff7 28. Ra6 Rbd7 29. b6 axb6 30. Qxb6 Qf5 31. Ne3 Qh5 32. Qc6 Qh3 33. Qd5 Nf4 34. Qe4 Rf5 35. Ra8+ Kf7 36. gxf4 Rh5 37. Qd5+ Kg7 38. Rg8+ Kh6 39. Rxg6+ hxg6 40. Ng4+ Qxg4 0-1

[Event "Friedrichroda op 11th"]
[Site "Friedrichroda"]
[Date "2007.08.09"]
[Round "3"]
[White "Freier, Joachim"]
[Black "Bohatschek, Daniel"]
[Result "0-1"]
[WhiteElo "1590"]
[BlackElo "1922"]
[PlyCount "90"]
[EventDate "2007.08.08"]
[EventType "swiss"]
[EventRounds "7"]
[EventCountry "GER"]
[SourceTitle "CBM 120 Extra"]
[Source "ChessBase"]
[SourceDate "2007.11.01"]
[SourceVersion "1"]
[SourceVersionDate "2007.11.01"]
[SourceQuality "1"]

1. e4 c5 2. c3 e6 3. d4 cxd4 4. cxd4 d5 5. e5 Nc6 6. Nf3 Nge7 7. Bd3 Qb6 8. 0-0 Bd7 9. Be3 Qxb2 10. Nbd2 Qb6 11. Rb1 Qc7 12. Qc2 Ng6 13. Ng5 Rc8 14. Nxh7 Ncxe5 15. Qxc7 Rxc7 16. Nxf8 Nxd3 17. Nxg6 fxg6 18. Rb3 Nc1 19. Ra3 a6 20. Nf3 Ne2+ 21. Kh1 Bb5 22. Rb1 0-0 23. Ng5 Rc6 24. g3 Rfc8 25. Rab3 Nc3 26. Ra1 b6 27. Nf3 Ba4 28. Ra3 b5 29. Ne5 R6c7 30. Nxg6 b4 31. Rxa4 Nxa4 32. Bf4 Rb7 33. Re1 Rc6 34. h4 Nc3 35. Rc1 Rcb6 36. h5 a5 37. Kg2 Rf7 38. g4 Kh7 39. Be3 Rf6 40. Ne5 Rb7 41. f4 Rf8 42. g5 Nxa2 43. g6+ Kg8 44. Rh1 b3 45. Ng4 b2 0-1

[Event "GER-chT U12"]
[Site "Verden an der Aller"]
[Date "2003.12.28"]
[Round "4.1"]
[White "Kordts, Florian"]
[Black "Bohatschek, Daniel"]
[Result "1/2-1/2"]
[WhiteElo "1400"]
[BlackElo "1231"]
[PlyCount "113"]
[EventDate "2003.12.27"]
[EventType "team-swiss"]
[EventRounds "7"]
[EventCountry "GER"]
[SourceTitle "EXT 2022"]
[Source "ChessBase"]
[SourceDate "2021.10.06"]
[SourceVersion "1"]
[SourceVersionDate "2021.10.06"]
[SourceQuality "1"]
[WhiteTeam "Postbauer Heng"]
[BlackTeam "Waltershausen"]
[WhiteTeamCountry "GER"]
[BlackTeamCountry "GER"]

1. c4 e5 2. Nc3 c5 3. g3 Nc6 4. Bg2 Nf6 5. e3 Be7 6. Nge2 d6 7. d4 exd4 8. exd4 Bg4 9. f3 Bh5 10. 0-0 0-0 11. dxc5 dxc5 12. Nf4 Bg6 13. Nxg6 fxg6 14. b3 Qxd1 15. Rxd1 Rfd8 16. Bb2 Rxd1+ 17. Rxd1 Rd8 18. Rxd8+ Nxd8 19. f4 a6 20. Nd5 Nxd5 21. Bxd5+ Kf8 22. Be5 Nc6 23. Bxc6 bxc6 24. Kf2 g5 25. Kf3 gxf4 26. Kxf4 Kf7 27. g4 g6 28. h3 Ke6 29. Ke4 Bd8 30. Bg7 Be7 31. Kf4 Kd6 32. Bh6 Ke6 33. Bg5 Bd6+ 34. Ke4 Bf8 35. Bf4 Be7 36. a3 a5 37. Bd2 Bd8 38. Bc3 Bc7 39. Kf3 Bb6 40. Kf4 Bd8 41. Be1 Kd6 42. h4 Ke6 43. h5 g5+ 44. Ke4 Kf6 45. Bd2 Bc7 46. Be3 Bd6 47. Bd2 Bc7 48. Bc3+ Ke6 49. Bg7 Bd8 50. Bf8 Bb6 51. b4 cxb4 52. axb4 axb4 53. Bxb4 Bd8 54. Bc5 Bc7 55. Ba7 Be5 56. Be3 Bf6 57. Bf2 1/2-1/2

[Event "GER-chT U12"]
[Site "Verden an der Aller"]
[Date "2003.12.27"]
[Round "2.1"]
[White "Thewes, Johannes"]
[Black "Bohatschek, Daniel"]
[Result "0-1"]
[WhiteElo "943"]
[BlackElo "1231"]
[PlyCount "62"]
[EventDate "2003.12.27"]
[EventType "team-swiss"]
[EventRounds "7"]
[EventCountry "GER"]
[SourceTitle "EXT 2022"]
[Source "ChessBase"]
[SourceDate "2021.10.06"]
[SourceVersion "1"]
[SourceVersionDate "2021.10.06"]
[SourceQuality "1"]
[WhiteTeam "Heusweiler SC Reti"]
[BlackTeam "Waltershausen"]
[WhiteTeamCountry "GER"]
[BlackTeamCountry "GER"]

1. e4 c5 2. Nc3 Nc6 3. g3 g6 4. Bg2 Bg7 5. d3 Nf6 6. Nf3 d6 7. Bg5 0-0 8. 0-0 Rb8 9. Re1 h6 10. Be3 b5 11. a3 a5 12. Qd2 b4 13. axb4 axb4 14. Ne2 Ng4 15. Reb1 Nxe3 16. Qxe3 Bb7 17. d4 Qb6 18. d5 Na5 19. c3 Nc4 20. Qc1 Ra8 21. Rxa8 Rxa8 22. b3 Na3 23. Ra1 Ba6 24. Nf4 Rb8 25. Ra2 Bxc3 26. Rxa3 bxa3 27. Qxc3 Qxb3 28. Qxb3 Rxb3 29. Nd2 Rb2 30. Bf1 Bxf1 31. Nxf1 a2 0-1